header

Theory of automata, formal languages and computation (Record no. 75381)

MARC details
000 -LEADER
fixed length control field 01180nam a2200301 a 4500
100 1# - MAIN ENTRY--AUTHOR NAME
Personal name Xavier, S. P. Eugene.
245 10 - TITLE STATEMENT
Title Theory of automata, formal languages and computation
260 ## - PUBLICATION, DISTRIBUTION, ETC. (IMPRINT)
Place of publication New Delhi :
Name of publisher New Age International (P) Ltd., Publishers,
Year of publication c2005.
300 ## - PHYSICAL DESCRIPTION
Number of Pages xiii, 345 p. :
Other physical details ill.
650 #0 - SUBJECT ADDED ENTRY--TOPICAL TERM
Topical Term Computational complexity.
Topical Term Machine theory.
856 40 - ELECTRONIC LOCATION AND ACCESS
Uniform Resource Identifier http://site.ebrary.com/lib/rucke/Doc?id=10323327

No items available.

© 2026 Rongo University
Contact us: librarian | system librarian | Rongo university